| 000 | 00984nam a2200301Ia 4500 | ||
|---|---|---|---|
| 001 | 19007 | ||
| 003 | IT-RoPAU | ||
| 008 | 130308s9999 xx 000 0 und d | ||
| 040 | _aIT-RoPAU | ||
| 040 | _cIT-RoPAU | ||
| 041 | _aITALIANO | ||
| 100 | _aKezich Tullio | ||
| 100 | _gCodice Aut. SPICS: 5096 | ||
| 245 | _aArmata delle ombre (L') | ||
| 245 | _bVenezia 32,82-Biennale mostra internazionale del Cinema | ||
| 250 | _a1a ed. | ||
| 260 | _aVENEZIA | ||
| 260 | _bLa Biennale/Eri | ||
| 260 | _c1982 [1° Ed.:1982 - Ed.Ling.Originale:1982] | ||
| 300 | _a"21 p. (prefazione: no ; testo: 21 [pagine: 101-121])" | ||
| 500 | _aVittorio De Sica I Premiati di Hollywood Coppa del Duce Jean Gabin Rossellini Shakespeare Visconti Kurosawa e I samurai Antonioni Fellini Chaplin Cinema di Papà I Nuovi del Nuovo Cinema | ||
| 650 | _aMANIFESTAZIONI CINEMATOGRAFICHE | ||
| 650 | _eCodice materia Spics: 6815 | ||
| 942 | _cBK | ||
| 957 | _71 | ||
| 999 |
_c56533 _d56533 |
||
| 999 | _bSI | ||
| 999 | _g1 | ||